Statistiques concernant Personnages célèbres de l'Histoire n°1

Cliquez ici pour prendre le quiz!

Statistiques générales

  • Ce quiz a été pris 486 fois
    (443 depuis la dernière actualisation)
  • Le résultat moyen est 11 sur 20

Statistiques - réponses

IndicesRéponces% Correct
J'ai découvert l'Amérique sans
le vouloir
Christophe Colomb
98%
J'ai coupé la mer en deux pour me
faire un passage
Moïse
92%
J'ai découvert la radioactivité
Marie Curie
90%
J'ai créé le premier vaccinLouis Pasteur
89%
Je me suis fait arrêter pour ne pas
avoir voulu concéder ma place dans
le bus
Rosa Parks
73%
Je détiens l'ancien record du plus jeune
milliardaire à 23 ans après avoir créé le
premier réseaux social.
Mark Zuckerberg
71%
Je possède l'entreprise MicrosoftBill Gates
68%
J'ai obtenu l'indépendance de mon
pays sans les combats
Mohandas Karamchand Gandhi
67%
Je suis le fondateur du protestantisme
Martin Luther
64%
La plus part de mes livres ont été déjà
était adapter en film comme par
exemple "Ça" ou encore
"La ligne verte"
Stephen King
59%
J'ai inventé le téléphoneAlexander Graham Bell
58%
Je suis parti de Venise pour partir en
voyage jusqu'en Chine
Marco Polo
58%
J'ai donné mon nom à l'AmériqueAmerigo Vespucci
49%
J'ai fait de très grande découverte
sur les trous noires avec la tête penché
Stephen Hawking
38%
J'ai été "L'éducateur" de la Chine
impériale
Confucius
30%
J'ai peint "La Laitière"
Johannes Vermeer
30%
J'ai peint "La dame à l'hermine"Léonard de Vinci
25%
J'ai inventé la machine à vapeurJames Watt
22%
Je suis l'esprit du bien d'après le
zoroastrisme
Ahura Mazda
1%
J'ai prouvé que l'une des théories de
Einstein était fausse
Alain Aspect
1%

Distribution des résultats

Percentile par nombre de réponses

% des personnes avec chaque résultat

Votre développement - résultats

Vous n’avez pas pris ce quiz depuis la dernière actualisation